000 01421nam a22003857a 4500
003 CHAP
005 20220329143224.0
008 070420d2005 mx r 00110 spa d
010 _a93517
011 _a94489
035 _a105080
040 _cCHAP
090 _aTesis
100 1 _aPérez Ramírez, Adriana.
_989947
245 1 0 _aControl biológico de mosquita blanca con fitoextractos y hongos entomopatógenos
_c/ por Adriana Pérez Ramírez
260 _aCocula, Gro. :
_bEl autor,
_c2005.
300 _a67 h. :
_bilus.; Gráfs.; cuadros,
502 _aTesis (Ing. Agr. Fitotecnista) - - Colegio Superior Agropecuario del Estado de Guerrero. Centro de Estudios Profesionales
590 _aALEPH
_b10
_c20130110
_lUCH01
_h1518
590 _aBATCH-UPD
_b10
_c20130110
_lUCH01
_h1610
590 _aBATCH-UPD
_b10
_c20130410
_lUCH01
_h1005
590 _aBATCH-UPD
_b10
_c20130914
_lUCH01
_h0601
590 _aBATCH-UPD
_b10
_c20130914
_lUCH01
_h2149
590 _aCONVERSION
_b10
_c20130109
_lUCH01
_h1352
650 1 4 _aBemisia tabaci.
_911496
650 1 4 _aControl biológico de plagas.
_927587
650 1 4 _aExtractos vegetales.
_939214
650 1 4 _aHongos entomógenos.
_956131
650 1 4 _aHongos fitopatógenos.
_956132
650 1 4 _aInsecticidas biológicos.
_958883
901 _aBK
905 _aElisama A. H.
942 _cTESIS
949 _aTesis
_bBC
_cTES
_d33724002024835
_eTS1
_gDonaciØn
_h46449
_i105080
_sb
999 _c93517
_d93517